000 00586nam a2200205 i 4500
001 134384
003 ES-MaACL
005 20230906194649.0
007 t|
008 070910s1955 ag ||||1| spa d
100 1 _aWaugh, Evelyn.
_9116217
245 1 0 _aCuerpos viles /
_cEvelyn Waugh ; traducción de Floreal Mazía.
260 _aBuenos Aires :
_bEdit. Sudamericana,
_c[1955]
300 _a265 p. ;
_c19 cm.
490 1 _aHorizontes
700 1 _aMazía, Floreal.
_979475
830 0 _aHorizontes
_9186973
852 _aES-MaACL
_jC-16173
_bR.44178
999 _c134384
_d134384